=LDR 00000nam 2200000 4500 =001 INLIS000000000000962 =005 20201006073824 =035 ##$$a 0010-061300000000962 =008 201006################g##########0#ind## =041 ##$$a Ind =082 ##$$a 303.44 =090 ##$$a 303.44, Mod =245 ##$$a Modernisasi dinamika pertumbuhan /$c editor Myron Weiner =260 ##$$a Yogyakarta :$b UGM,$c 1986 =300 ##$$a xxi, 217 hlm, 21 cm =650 #4$$a Modernisasi =700 1#$$a Weiner, Myron =850 ##$$a NBPNMAT =020 ##$$a 979-420-043-3 =084 ##$$a 303.44 MOD m =250 ##$$a cet.5 =990 ##$$a DW99002712 =990 ##$$a DW99002713 =990 ##$$a DW99002714 =990 ##$$a DW99002715 =990 ##$$a DW99002716 =990 ##$$a 09730973 =990 ##$$a 68.739 pro.95